000 00826cab a2200265 4500
001 ABS52780
008 090401t1995 xxu||||| |||| 00| 0 eng d
035 _a(Sirsi) u73
041 _aeng
100 _aBright, S.
245 _aUnfair terms in contracts relating to land
260 _c1995
350 _a0
490 _aProperty Review
_v5(3) April 1995, 73-75(3)
520 _aConsiders the Unfair Terms in Consumer Contract Regulations 1994 (SI 1994: 3159), in force from 1 July 1995, and whether they apply to property transactions.
650 _aCONSUMERS
650 _aCONTRACTS FOR SALE
650 _aContracts
_96232
650 _aSALE OF GOODS
650 _aUNFAIR TERMS IN CONSUMER CONTRACT REGULATIONS 1994
690 _aLAW
690 _aPROPERTY LAW AND PRACTICE
942 _n0
948 _c04/03/1997
999 _c28
_d28